00589nam a22001817a 4500003000900000008004100009020002200050040007100072082002000143110001900163245005100182260003900233300002700272650002400299650002300323650002100346700004000367AR-CdUCM190423b ||||| |||| 00| 0 spa d a978-970-718-758-0 aMUNICIPALIDAD PROVINCIAL DEL CUSCOcBIBLIOTECA MUNICIPAL DEL CUSCO aPI / 803 /bD82 aDisney / Pixar aDisney Pixar Cars :bUna carrera emocionante / aMéxico :bSilver Dolphin,c2011. bilustraciones,c20 cm. aLiteratura infantil aCuentos infantiles aPrimera infancia aGarzón, Jocelyn L. (traducción)